Elija al mejor cómo entrevistar por competencias: las preguntas necesarias para una buena selección de personal
Сохранить в:
| Главный автор: | |
|---|---|
| Формат: | |
| Язык: | испанский |
| Опубликовано: |
Buenos Aires
Granica
2003
|
| Редактирование: | 2a. ed |
| Предметы: | |
| Метки: |
Добавить метку
Нет меток, Требуется 1-ая метка записи!
|
MARC
| LEADER | 00000nam a2200000 a 4500 | ||
|---|---|---|---|
| 001 | UCI0942 | ||
| 003 | CL-VaPUC | ||
| 005 | 20241115112026.0 | ||
| 008 | 070608e20030000AG |||||||||||||||||spa|d | ||
| 999 | |c 325895 |d 325893 | ||
| 020 | |a 9506413924 | ||
| 040 | |c Pontificia Universidad Católica de Valparaíso | ||
| 082 | 0 | 4 | |a 658.3 |b ALL |2 21 |
| 100 | |a Alles, Martha Alicia |e autora |9 254834 | ||
| 245 | 1 | 0 | |a Elija al mejor cómo entrevistar por competencias: las preguntas necesarias para una buena selección de personal |
| 250 | |a 2a. ed | ||
| 260 | |a Buenos Aires |b Granica |c 2003 | ||
| 300 | |a 248 p | ||
| 583 | |a last modification |c 20140406 05:34:58 |k Rodrigo Vera | ||
| 650 | 0 | |a Planificación de recursos humanos |2 CL-VaPUC |9 886128 | |
| 650 | 0 | |a Entrevistas de empleo |9 893854 | |
| 650 | 0 | |a Cualificaciones profesionales |9 893676 | |
| 942 | |c BK |2 ddc | ||
| 945 | |d 20070608 00:00:00 |a jtorresc | ||
| 952 | |0 0 |1 0 |4 0 |6 658_300000000000000_ALL_2003 |7 0 |8 R |9 407382 |a BIBENE |b BIBENE |d 2019-11-22 |i 4346289 |o 658.3 ALL 2003 |p 4346289 |r 2025-01-15 |w 2019-11-22 |y BK_R |k ICO | ||